The Greater Manchester shopping inquiry (Record no. 17630)

MARC details
000 -LEADER
fixed length control field 00844cab a2200193 4500
001 - CONTROL NUMBER
control field ABS40835
008 - FIXED-LENGTH DATA ELEMENTS--GENERAL INFORMATION
fixed length control field 090401t1989 xxu||||| |||| 00| 0 eng d
035 ## - SYSTEM CONTROL NUMBER
System control number (Sirsi) u26256
041 ## - LANGUAGE CODE
Language code of text/sound track or separate title eng
100 ## - MAIN ENTRY--PERSONAL NAME
Personal name Stocks, N.
245 #4 - TITLE STATEMENT
Title The Greater Manchester shopping inquiry
260 ## - PUBLICATION, DISTRIBUTION, ETC.
Date of publication, distribution, etc. 1989
350 ## - PRICE (NR) (BK AM CF MU VM SE) [OBSOLETE]
Price 0
490 ## - SERIES STATEMENT
Series statement Land Development Studies
Volume/sequential designation 6(1) 1989, 57-83(27)
520 ## - SUMMARY, ETC.
Summary, etc. Case study examining the backgound to and issues debated at the Greater Manchester Shopping Inquiry which ran from July 1987 to February 1988. The case study is an example of strategic retail planning in a multi-centred conurbation. Having reported the results of the Inquiry the author calls for a change in the approach to calculating shopping floorspace demand and impact.
690 ## - LOCAL SUBJECT ADDED ENTRY--TOPICAL TERM (OCLC, RLIN)
Topical term or geographic name as entry element PLANNING LAW AND PRACTICE
942 ## - ADDED ENTRY ELEMENTS (KOHA)
Suppress in OPAC 0
948 ## - LOCAL PROCESSING INFORMATION (OCLC); SERIES PART DESIGNATOR (RLIN)
c (OCLC) 04/03/1997
Holdings
Withdrawn status Lost status Source of classification or shelving scheme Damaged status Not for loan Home library Current library Shelving location Date acquired Total Checkouts Full call number Barcode Date last seen Copy number Price effective from Koha item type
    Dewey Decimal Classification     London London Journal article 14/09/1999   ABS40835 26256-1001 06/08/2019 1 06/08/2019 Journal article